000 00476nam a2200181Ia 4500
001 7934
005 20260306160532.0
008 260306t2015||||xx |||||||||||||| ||spa||
041 _aESP
082 _a364
_bM63
100 _aMiró Linares, Fernando
_eAUT
245 0 _aCrimen, oportunidad y vida diaria:
_blibro homenaje al profesor Dr. Marcus Felson
260 _c2015
300 _a732 páginas :
_c25 cm.
650 _aGEN
654 _aCPS
942 _cLIB
_dJUS
_fJUS
_2ddc
_n
999 _c7934
_d7934